Kuchnia litewska /

Zapisane w:
Opis bibliograficzny
1. autor: Druto, Nijole
Kolejni autorzy: Druto, Maciej
Format: Książka
Język:polski
Wydane: Warszawa : Krajowa Agencja Wydawnicza, 1987
Seria:Kuchnie Różnych Narodów (Krajowa Agencja Wydawnicza ; Warszawa)
Hasła przedmiotowe:
Etykiety: Dodaj etykietę
Nie ma etykietki, Dołącz pierwszą etykiete!

MARC

LEADER 00000nam a2200000 i 4500
001 991002941259705066
005 20260515140225.0
008 971113s1987 pl |000 0 pol
020 |a 830301935X 
020 |a 8303019368 
035 |a 991002941259705066 
035 |a (PL-WaBN)b10796812-48omnis_nlop 
035 |a b10796812 
035 |a (OCoLC)834786335 
035 |a (PL)b0000001079681 
035 |a (EXLNZ-48OMNIS_NETWORK)9910303341805606 
040 |a WA N  |c WA N  |d KR U  |d WA N 
080 |a 641.5.021 
090 |c 8  |d 8 
100 1 |a Druto, Nijole 
245 1 0 |a Kuchnia litewska /  |c Nijole i Maciej Druto. 
260 |a Warszawa :  |b Krajowa Agencja Wydawnicza,  |c 1987  |e (Łódź :  |f RSW"PKR"). 
300 |a 127, [1] s. ;  |c 17 cm. 
490 1 |a Kuchnia [i.e. Kuchnie] Różnych Narodów 
650 7 |a Kuchnia litewska 
700 1 |a Druto, Maciej 
830 0 |a Kuchnie Różnych Narodów (Krajowa Agencja Wydawnicza ; Warszawa) 
920 |a 83-03-01935-X (brosz.) 
920 |a 83-03-01936-8 (opr.) 
942 |c K 
952 |0 0  |1 0  |4 0  |6 R__12_000000000000000  |7 0  |9 28  |a RYT  |b RYT  |d 2026-03-14  |e 1/2026  |g 10.00  |l 0  |o R.12  |p 2000000000121  |r 2026-05-15 14:02:25  |w 2026-05-15  |y BK  |z da 
999 |c 28  |d 28